| 000 | 00818nam a2200229 a 4500 | ||
|---|---|---|---|
| 001 | 000034874 | ||
| 005 | 20200930073946.0 | ||
| 008 | 111021s1958 ag 000 0 spa d | ||
| 040 |
_aDO-SdBNP _bspa _cBNPHU |
||
| 082 |
_a909 _bE27h |
||
| 100 | 1 |
_aEfimov, N. _q(Nikolaĭ Ivanovich), _d1932- _960419 |
|
| 245 | 1 | 0 |
_aHistoria de los tiempos modernos / _cN. Efimov ; traducción de M. B. Dalmacio. |
| 260 |
_aBuenos Aires : _bFuturo, _c1958. |
||
| 300 |
_a302 p. ; _c21 cm. |
||
| 590 | _aPerteneció a la biblioteca personal de Juan Isidro Jimenes Grullón. | ||
| 650 | 4 |
_aHistoria moderna _ySIGLO XX _918490 |
|
| 651 | 4 |
_aEuropa _xHistoria _y1789 _960420 |
|
| 651 | 4 |
_aEstados Unidos _xHistoria _ySIGLO 18-19 _960421 |
|
| 700 | 1 | 2 |
_aDalmacio, M. B. _etr. _960422 |
| 910 | _aValidado. Control de calidad MFF | ||
| 049 | _aBNPD | ||
| 999 |
_c34365 _d34365 |
||